[Event "Landesklasse Ost 2012/2013"]
[Site "?"]
[Date "2013.01.06"]
[Round "5"]
[White "Schmidt, Jörg"]
[Black "Pietzsch, Gerhard"]
[Result "0-1"]
[WhiteElo "1763"]
[BlackElo "1804"]
[PlyCount "88"]
[EventDate "2013.??.??"]
[WhiteTeam "Meuselwitzer SV"]
[BlackTeam "SV Hermsdorf"]

1. e4 c5 2. b3 Nc6 3. Bb2 e5 4. Bc4 Nf6 5. Nc3 d6 6. Bd5 Be7 7. h3 O-O 8. d3
Nd4 9. Nge2 Rb8 10. a4 a6 11. a5 b5 12. axb6 Qxb6 13. Bc4 Nb5 14. O-O Bb7 15.
Kh2 Nxc3 16. Bxc3 Qc6 17. f3 Ra8 18. g4 d5 19. exd5 Nxd5 20. Bd2 Nb6 21. Ng3
Nxc4 22. bxc4 Rfe8 23. Bc3 Bg5 24. Ne4 Bf4+ 25. Kg2 Bc8 26. Ra5 f5 27. Rxc5 Qg6
28. Ng3 fxg4 29. hxg4 Bb7 30. Ne4 h5 31. Qe2 hxg4 32. fxg4 Bc8 33. Nf2 Qb6 34.
Ne4 Bb7 35. Qf2 Qg6 36. Qf3 Bxe4 37. dxe4 Rac8 38. Rd5 Rxc4 39. Kf2 Qb6+ 40.
Kg2 Qg6 41. Re1 Rf8 42. Qh3 Rxc3 43. Qxc3 Qxg4+ 44. Kh1 Qh4+ 0-1

[Event "Landesklasse Ost 2012/2013"]
[Site "?"]
[Date "2013.01.06"]
[Round "5"]
[White "Markowski, Erhard"]
[Black "Schmidt, Jens"]
[Result "1/2-1/2"]
[WhiteElo "1713"]
[BlackElo "1756"]
[PlyCount "45"]
[EventDate "2013.??.??"]
[WhiteTeam "SV Hermsdorf"]
[BlackTeam "Meuselwitzer SV"]

1. c4 Nf6 2. Nc3 e6 3. e4 d6 4. Nf3 c5 5. d4 cxd4 6. Nxd4 Nc6 7. Be2 Be7 8. O-O
O-O 9. Be3 Nxd4 10. Qxd4 e5 11. Qd1 Be6 12. Rc1 a6 13. Kh1 Rc8 14. b3 Qd7 15.
f4 Ng4 16. Bg1 exf4 17. Rxf4 Bg5 18. Qd2 Ne5 19. Be3 Bxf4 20. Bxf4 Rcd8 21. Rd1
Qc7 22. h3 f6 23. Be3 1/2-1/2

[Event "Landesklasse Ost 2012/2013"]
[Site "?"]
[Date "2013.01.06"]
[Round "5"]
[White "Hercher, Ralf"]
[Black "Pietsch, Karsten"]
[Result "1-0"]
[WhiteElo "1739"]
[BlackElo "1661"]
[PlyCount "73"]
[EventDate "2013.??.??"]
[WhiteTeam "Meuselwitzer SV"]
[BlackTeam "SV Hermsdorf"]

1. d4 d5 2. c4 c6 3. Nc3 Nf6 4. e3 a6 5. Nf3 e6 6. Bd3 dxc4 7. Bxc4 b5 8. Bd3
Bb7 9. O-O Nbd7 10. e4 c5 11. d5 exd5 12. exd5 Nxd5 13. Nxd5 Bxd5 14. Bxb5 axb5
15. Qxd5 Be7 16. Qc6 Qc8 17. Qxb5 O-O 18. Bf4 Nf6 19. Rfd1 Rd8 20. Qc4 Qb7 21.
Ne5 Bf8 22. Bg5 Rxd1+ 23. Rxd1 Re8 24. Bxf6 gxf6 25. Qg4+ Kh8 26. Qd7 Re7 27.
Qxb7 Rxb7 28. Nc4 Kg7 29. b3 Ra7 30. Rd2 Be7 31. f4 f5 32. Kf2 Kf6 33. Kf3 Bf8
34. g3 Be7 35. Ne5 Ke6 36. Nc6 Ra6 37. Re2+ 1-0

[Event "Landesklasse Ost 2012/2013"]
[Site "?"]
[Date "2013.01.06"]
[Round "5"]
[White "Plötner, Jens"]
[Black "Hofmann, Harald"]
[Result "1/2-1/2"]
[WhiteElo "1716"]
[BlackElo "1614"]
[PlyCount "62"]
[EventDate "2013.??.??"]
[WhiteTeam "SV Hermsdorf"]
[BlackTeam "Meuselwitzer SV"]

1. d4 d5 2. Nf3 Nf6 3. c4 e6 4. Nc3 Be7 5. Bf4 O-O 6. e3 a6 7. Be2 dxc4 8. Bxc4
b5 9. Be2 Bb7 10. O-O Nbd7 11. Rc1 c5 12. dxc5 Nxc5 13. a3 Rc8 14. Nd4 Nd5 15.
Nxd5 Bxd5 16. b4 Na4 17. Qd2 Qd7 18. Nf3 Qb7 19. Be5 Rfd8 20. Rxc8 Rxc8 21. Rc1
f6 22. Bg3 Nb6 23. Ne1 Nc4 24. Bxc4 Rxc4 25. Rxc4 Bxc4 26. f3 Qd5 27. Qxd5 Bxd5
28. Bc7 Bc4 29. Kf2 Kf8 30. e4 f5 31. e5 Bg5 1/2-1/2

[Event "Landesklasse Ost 2012/2013"]
[Site "?"]
[Date "2013.01.06"]
[Round "5"]
[White "Kohl, Torsten"]
[Black "Schulz, Phillip"]
[Result "1/2-1/2"]
[WhiteElo "1691"]
[BlackElo "1346"]
[PlyCount "57"]
[EventDate "2013.??.??"]
[WhiteTeam "Meuselwitzer SV"]
[BlackTeam "SV Hermsdorf"]

1. c4 Nf6 2. Nf3 e6 3. Nc3 d5 4. cxd5 exd5 5. d4 c5 6. e3 Nc6 7. Be2 Be7 8. O-O
O-O 9. dxc5 Bxc5 10. a3 a6 11. Qc2 Qe7 12. b4 Bb6 13. Na4 Ba7 14. b5 axb5 15.
Bxb5 Ne5 16. Nxe5 Qxe5 17. Bb2 Bf5 18. Bxe5 Bxc2 19. Nb2 Rfd8 20. Bxf6 gxf6 21.
Bd3 Bxd3 22. Nxd3 d4 23. e4 Bb8 24. Rfd1 Be5 25. Nb4 d3 26. Ra2 Rd4 27. Nd5
Rxe4 28. f4 Bd4+ 29. Kh1 1/2-1/2

[Event "Landesklasse Ost 2012/2013"]
[Site "?"]
[Date "2013.01.06"]
[Round "5"]
[White "Richter, Sven"]
[Black "Schmidt, Uwe"]
[Result "1/2-1/2"]
[WhiteElo "1963"]
[BlackElo "1942"]
[PlyCount "22"]
[EventDate "2013.??.??"]
[WhiteTeam "VfL 1990 Gera"]
[BlackTeam "SV Medizin Erfurt"]

1. c4 c6 2. Nf3 d5 3. e3 Nf6 4. h3 e6 5. Nc3 a6 6. d4 b5 7. c5 Nfd7 8. Qc2 e5
9. dxe5 Nxc5 10. Ne2 Ne4 11. Bd2 Be7 1/2-1/2

[Event "Landesklasse Ost 2012/2013"]
[Site "?"]
[Date "2013.01.06"]
[Round "5"]
[White "Sunderbrink, Heino"]
[Black "Katzer, Michael"]
[Result "1/2-1/2"]
[WhiteElo "1947"]
[BlackElo "1876"]
[PlyCount "28"]
[EventDate "2013.??.??"]
[WhiteTeam "SV Medizin Erfurt"]
[BlackTeam "VfL 1990 Gera"]

1. Nf3 e6 2. g3 Nf6 3. Bg2 Be7 4. O-O O-O 5. c4 d5 6. b3 d4 7. Bb2 c5 8. b4
Nfd7 9. bxc5 e5 10. e3 dxe3 11. fxe3 e4 12. Nd4 Nxc5 13. Ba3 f5 14. Nc3 Nd3
1/2-1/2

[Event "Landesklasse Ost 2012/2013"]
[Site "?"]
[Date "2013.01.06"]
[Round "5"]
[White "Seidens, Gunter"]
[Black "Rost, Detlef"]
[Result "1/2-1/2"]
[WhiteElo "2004"]
[BlackElo "1900"]
[PlyCount "116"]
[EventDate "2013.??.??"]
[WhiteTeam "VfL 1990 Gera"]
[BlackTeam "SV Medizin Erfurt"]

1. d4 Nf6 2. Nf3 d5 3. c4 e6 4. Nc3 Nbd7 5. Bg5 c6 6. e3 Qa5 7. Bxf6 Nxf6 8.
Nd2 Bb4 9. Qc2 O-O 10. Bd3 h6 11. O-O Qd8 12. a3 Bxc3 13. Qxc3 Re8 14. f4 Qc7
15. c5 Bd7 16. h3 h5 17. Nf3 a5 18. Ng5 b6 19. cxb6 Qxb6 20. Rac1 Reb8 21. Rc2
Qb3 22. Qd2 Be8 23. Rf3 Qb6 24. f5 exf5 25. Bxf5 Ra7 26. Qf2 Qc7 27. Bd3 Qd6
28. Qh4 Rb3 29. Bf1 Re7 30. Qf4 Qb8 31. Qxb8 Rxb8 32. Bd3 Rb3 33. e4 dxe4 34.
Nxe4 Nd5 35. Nc5 Rb8 36. Bc4 Rb5 37. Bxd5 cxd5 38. Kf2 f6 39. Re3 Rxe3 40. Kxe3
Bg6 41. Re2 Kf7 42. b3 Bf5 43. Rf2 g6 44. Kd2 Rb8 45. h4 Be4 46. g3 Bf5 47. Rf3
Bg4 48. Re3 Bf5 49. Kc3 Bg4 50. Re1 Bf5 51. b4 axb4+ 52. axb4 Re8 53. Ra1 Re3+
54. Kd2 Rxg3 55. Ra7+ Ke8 56. b5 Rg2+ 57. Kc3 Rc2+ 58. Kb3 Rc1 1/2-1/2

[Event "Landesklasse Ost 2012/2013"]
[Site "?"]
[Date "2013.01.06"]
[Round "5"]
[White "Nguyen, Huy Dat"]
[Black "Huster, Mike"]
[Result "1/2-1/2"]
[WhiteElo "1753"]
[BlackElo "1913"]
[PlyCount "30"]
[EventDate "2013.??.??"]
[WhiteTeam "SV Medizin Erfurt"]
[BlackTeam "VfL 1990 Gera"]

1. e4 d5 2. exd5 Nf6 3. d4 Nxd5 4. Nf3 Bg4 5. Be2 e6 6. O-O Be7 7. c4 Nb6 8.
Nc3 O-O 9. Be3 c6 10. Ne5 Bxe2 11. Qxe2 N8d7 12. Rfd1 Nxe5 13. dxe5 Qc7 14.
Bxb6 axb6 15. Rd3 Rfd8 1/2-1/2

[Event "Landesklasse Ost 2012/2013"]
[Site "?"]
[Date "2013.01.06"]
[Round "5"]
[White "Kretzschmar, Bernd"]
[Black "Kube, Hannelore"]
[Result "0-1"]
[WhiteElo "1862"]
[BlackElo "1813"]
[PlyCount "78"]
[EventDate "2013.??.??"]
[WhiteTeam "VfL 1990 Gera"]
[BlackTeam "SV Medizin Erfurt"]

1. e4 e5 2. Nf3 Nc6 3. Bb5 Nf6 4. O-O d6 5. Nc3 Bd7 6. d4 Nxd4 7. Bxd7+ Qxd7 8.
Nxd4 exd4 9. Qxd4 Be7 10. Bg5 O-O 11. h3 h6 12. Bh4 Rfe8 13. Rad1 Nh5 14. e5
Bxh4 15. Qxh4 Rxe5 16. f4 Qe7 17. Qg4 Nf6 18. Qf3 Re3 19. Qxb7 Re8 20. Qxa7 Qd7
21. Rd3 Rxd3 22. cxd3 Qf5 23. Qd4 Re6 24. b4 c5 25. bxc5 dxc5 26. Qc4 Re3 27.
Ne4 Nxe4 28. dxe4 Rxe4 29. Qc2 c4 30. Kh2 Qe6 31. Rd1 Qe7 32. Rd8+ Qxd8 33.
Qxe4 Qd3 34. Qe8+ Kh7 35. Qxf7 c3 36. Qe6 c2 37. f5 Qd8 38. Qg6+ Kh8 39. f6
Qd6+ 0-1

[Event "Landesklasse Ost 2012/2013"]
[Site "?"]
[Date "2013.01.06"]
[Round "5"]
[White "Eger, Axel"]
[Black "Fijalkowski, Jürgen"]
[Result "1/2-1/2"]
[WhiteElo "1849"]
[BlackElo "1811"]
[PlyCount "142"]
[EventDate "2013.??.??"]
[WhiteTeam "SV Medizin Erfurt"]
[BlackTeam "VfL 1990 Gera"]

1. e4 Nf6 2. Nc3 d5 3. e5 Nfd7 4. d4 e6 5. f4 c5 6. Nf3 Nc6 7. Be3 Be7 8. Qd2
O-O 9. Be2 a6 10. h4 cxd4 11. Nxd4 Nxd4 12. Bxd4 b5 13. Nd1 Bb7 14. Nf2 Rc8 15.
O-O-O Nb8 16. Nd3 a5 17. g4 b4 18. Kb1 Ba6 19. Qe3 Nd7 20. h5 a4 21. Rc1 Bc4
22. b3 Bxd3 23. Bxd3 Qa5 24. f5 Ra8 25. Rh2 Bc5 26. Bxc5 Qxc5 27. Qxc5 Nxc5 28.
Rf1 axb3 29. axb3 Ra3 30. Rf3 Rfa8 31. Kc1 Ra1+ 32. Kd2 R8a2 33. Ke3 Nxb3 34.
fxe6 Nc5 35. exf7+ Kf8 36. Bxh7 b3 37. h6 gxh6 38. Rxh6 b2 39. Bg6 Ra3+ 40. Bd3
Ra8 41. Rh8+ Ke7 42. f8=Q+ Rxf8 43. Rhxf8 b1=Q 44. R3f7+ Ke6 45. Bf5+ Kxe5 46.
Re8+ Kd6 47. Rf6+ Kc7 48. Rc8+ Kb7 49. Rf7+ Ka6 50. Ra8+ Kb6 51. Rb8+ Kc6 52.
Rxb1 Rxb1 53. g5 Rg1 54. g6 Kd6 55. Kf2 Rg5 56. Kf3 Ne6 57. Rf6 Ke5 58. Rxe6+
Kxf5 59. Rd6 Rxg6 60. Rxd5+ Ke6 61. c4 Rg8 62. Ke4 Rg7 63. Kd4 Rc7 64. c5 Rd7
65. Rxd7 Kxd7 66. Kd5 Kc7 67. c6 Kc8 68. Kc4 Kb8 69. Kd4 Kc7 70. Kd5 Kc8 71.
Kd6 Kd8 1/2-1/2

[Event "Landesklasse Ost 2012/2013"]
[Site "?"]
[Date "2013.01.06"]
[Round "5"]
[White "Schönfeld, Volker"]
[Black "Knorre, Jonas"]
[Result "1-0"]
[WhiteElo "1878"]
[BlackElo "1600"]
[PlyCount "47"]
[EventDate "2013.??.??"]
[WhiteTeam "VfL 1990 Gera"]
[BlackTeam "SV Medizin Erfurt"]

1. e4 c5 2. c3 Nc6 3. d4 cxd4 4. cxd4 e6 5. Nc3 d5 6. e5 a6 7. f4 Nge7 8. Nf3
Nf5 9. g3 Qb6 10. Ne2 Bb4+ 11. Kf2 O-O 12. Bh3 Bd7 13. g4 Nh6 14. Rg1 g6 15. f5
Nxg4+ 16. Bxg4 exf5 17. Bh3 f6 18. Qb3 Rae8 19. Be3 Rf7 20. Nf4 fxe5 21. Nxd5
Qb5 22. Nc7 Qb6 23. Nxe8 Bxe8 24. dxe5 1-0

[Event "Landesklasse Ost 2012/2013"]
[Site "?"]
[Date "2013.01.06"]
[Round "5"]
[White "Stumm, Rainer"]
[Black "Piontek, Michael"]
[Result "0-1"]
[WhiteElo "1632"]
[BlackElo "1833"]
[PlyCount "130"]
[EventDate "2013.??.??"]
[WhiteTeam "SV Medizin Erfurt"]
[BlackTeam "VfL 1990 Gera"]

1. e4 e6 2. d4 d5 3. Nc3 Nf6 4. Bg5 Be7 5. e5 Nfd7 6. h4 h6 7. Bxe7 Qxe7 8. f4
a6 9. Bd3 c5 10. Nf3 cxd4 11. Nxd4 Qb4 12. Be2 Nc6 13. Nxc6 bxc6 14. O-O O-O
15. Rb1 a5 16. Bg4 a4 17. a3 Qc5+ 18. Kh2 Nb6 19. Rf3 Nc4 20. Qe2 Ba6 21. Qf2
Qxf2 22. Rxf2 Ne3 23. Bf3 Bc4 24. Nd1 Nf5 25. g3 Rfb8 26. Rd2 c5 27. Kg2 Rb6
28. Be2 Bxe2 29. Rxe2 Rab8 30. Kf2 Nd4 31. Rd2 Nb5 32. Rc1 Nd4 33. Rb1 Nc6 34.
Rc1 Na5 35. Rd3 Nc4 36. Rc3 Rb5 37. Ke2 Nb6 38. Rf3 g6 39. g4 Nc4 40. Rc3 Na5
41. Rf3 Nc6 42. Kf2 Kg7 43. Kg2 f6 44. exf6+ Kxf6 45. Re3 h5 46. Kg3 hxg4 47.
Kxg4 d4 48. Re4 Ne7 49. Re5 Nc6 50. Re4 Ne7 51. Re5 c4 52. Re4 Nf5 53. c3 Rb3
54. Rc2 Rh8 55. Rh2 Kf7 56. Rh3 dxc3 57. bxc3 Rxa3 58. Rxc4 Ra1 59. Rc7+ Kf6
60. Rd7 a3 61. c4 a2 62. Nc3 Rg1+ 63. Kf3 Nd4+ 64. Ke3 Re1+ 65. Kf2 a1=Q 0-1

[Event "Landesklasse Ost 2012/2013"]
[Site "?"]
[Date "2013.01.06"]
[Round "5"]
[White "Jank, Kevin"]
[Black "Liebold, Thomas"]
[Result "0-1"]
[WhiteElo "1650"]
[BlackElo "2032"]
[PlyCount "82"]
[EventDate "2013.??.??"]
[WhiteTeam "SG Arnstadt-Stadtilm"]
[BlackTeam "TSV Zeulenroda"]

1. e4 Nf6 2. e5 Nd5 3. d4 d6 4. f4 Bf5 5. Nf3 dxe5 6. dxe5 Nb4 7. Na3 Qxd1+ 8.
Kxd1 N8c6 9. c3 Rd8+ 10. Ke1 Nd3+ 11. Bxd3 Bxd3 12. Be3 e6 13. Nb1 Be7 14. Nbd2
O-O 15. Kf2 f6 16. exf6 gxf6 17. Rhe1 e5 18. fxe5 fxe5 19. Kg1 b6 20. Nb3 Bg6
21. Rad1 a5 22. Bh6 Rxd1 23. Rxd1 Rf7 24. Be3 Bh5 25. Rf1 Bxf3 26. gxf3 Rg7+
27. Kh1 Bg5 28. Bxg5 Rxg5 29. Rg1 Rxg1+ 30. Kxg1 Kf7 31. Kf2 Ke6 32. Ke3 Ne7
33. Nd2 Nf5+ 34. Ke4 Nd6+ 35. Ke3 Kf5 36. h3 Kg5 37. Kf2 Kf4 38. a4 e4 39. Nxe4
Nxe4+ 40. fxe4 Kxe4 41. Ke2 c6 0-1

[Event "Landesklasse Ost 2012/2013"]
[Site "?"]
[Date "2013.01.06"]
[Round "5"]
[White "Skibbe, Diana"]
[Black "Zeising, Benjamin"]
[Result "1-0"]
[WhiteElo "1965"]
[BlackElo "1773"]
[PlyCount "33"]
[EventDate "2013.??.??"]
[WhiteTeam "TSV Zeulenroda"]
[BlackTeam "SG Arnstadt-Stadtilm"]

1. e4 c5 2. c3 d5 3. exd5 Qxd5 4. d4 cxd4 5. cxd4 Nc6 6. Nf3 Nf6 7. Nc3 Qa5 8.
d5 Nb4 9. Bb5+ Bd7 10. Bxd7+ Kxd7 11. O-O g6 12. a3 Na6 13. b4 Nxb4 14. Qb3 Na6
15. Qxb7+ Nc7 16. Ne5+ Kd8 17. Nc6+ 1-0

[Event "Landesklasse Ost 2012/2013"]
[Site "?"]
[Date "2013.01.06"]
[Round "5"]
[White "Habl, Klaus"]
[Black "Barth, Christian"]
[Result "0-1"]
[WhiteElo "1671"]
[BlackElo "1881"]
[PlyCount "82"]
[EventDate "2013.??.??"]
[WhiteTeam "SG Arnstadt-Stadtilm"]
[BlackTeam "TSV Zeulenroda"]

1. e4 e5 2. Nf3 Nc6 3. d4 exd4 4. c3 dxc3 5. Nxc3 Bb4 6. Bc4 Qf6 7. O-O Bxc3 8.
bxc3 d6 9. Qb3 Nge7 10. Bg5 Qg6 11. Bxe7 Nxe7 12. e5 O-O 13. exd6 cxd6 14. Rfe1
Nc6 15. Bd5 Qf6 16. Re3 Ne7 17. Nd4 Nxd5 18. Qxd5 h6 19. Rae1 Rb8 20. Qa5 a6
21. Qc7 Bg4 22. Re7 Rfc8 23. Qa5 Rc5 24. Re8+ Rxe8 25. Rxe8+ Kh7 26. Qb4 a5 27.
Qb1+ Qg6 28. Qe1 Qd3 29. Re3 Re5 30. h3 Rxe3 31. Qxe3 Qxe3 32. fxe3 Be6 33. a3
Kg6 34. Nb5 d5 35. Nd6 b6 36. Kf2 Kg5 37. Kf3 g6 38. e4 Kf6 39. Nb5 Ke5 40.
exd5 Bxd5+ 41. Kf2 Bc4 0-1

[Event "Landesklasse Ost 2012/2013"]
[Site "?"]
[Date "2013.01.06"]
[Round "5"]
[White "Werner, Daniel"]
[Black "Specht, Horst"]
[Result "1/2-1/2"]
[WhiteElo "1713"]
[BlackElo "1569"]
[PlyCount "38"]
[EventDate "2013.??.??"]
[WhiteTeam "TSV Zeulenroda"]
[BlackTeam "SG Arnstadt-Stadtilm"]

1. e4 c5 2. Nf3 Nc6 3. d4 cxd4 4. Nxd4 e6 5. Be3 Nf6 6. Nd2 d5 7. Bb5 Bd7 8.
exd5 Nxd5 9. Bxc6 bxc6 10. O-O c5 11. N4b3 Rc8 12. c4 Nxe3 13. fxe3 Be7 14. Ne4
Qc7 15. Qg4 O-O 16. Qf4 Qb6 17. Rfd1 Bc6 18. Rd2 Bxe4 19. Qxe4 Rcd8 1/2-1/2

[Event "Landesklasse Ost 2012/2013"]
[Site "?"]
[Date "2013.01.06"]
[Round "5"]
[White "Pecher, Peter"]
[Black "Riemer, Marion"]
[Result "1/2-1/2"]
[WhiteElo "1378"]
[BlackElo "1783"]
[PlyCount "30"]
[EventDate "2013.??.??"]
[WhiteTeam "SG Arnstadt-Stadtilm"]
[BlackTeam "TSV Zeulenroda"]

1. Nf3 e6 2. d4 f5 3. c4 d5 4. Nc3 Nf6 5. e3 Be7 6. Be2 O-O 7. O-O c6 8. a3 Ne4
9. Qc2 Nd7 10. b4 g5 11. Nd2 Qe8 12. Ncxe4 fxe4 13. Qd1 Nf6 14. f3 Qg6 15. fxe4
Nxe4 1/2-1/2

[Event "Landesklasse Ost 2012/2013"]
[Site "?"]
[Date "2013.01.06"]
[Round "5"]
[White "Wiedemann, Volker"]
[Black "Walter, Bernd"]
[Result "0-1"]
[WhiteElo "1817"]
[BlackElo "1812"]
[PlyCount "74"]
[EventDate "2013.??.??"]
[WhiteTeam "TSV Zeulenroda"]
[BlackTeam "SG Arnstadt-Stadtilm"]

1. Nf3 d5 2. b3 Nf6 3. Bb2 c5 4. e3 Nc6 5. d4 e6 6. Nbd2 a6 7. c4 cxd4 8. exd4
Be7 9. Rc1 O-O 10. Bd3 Nd7 11. O-O Bf6 12. Re1 Qb6 13. c5 Qc7 14. Bb1 Qf4 15.
Nf1 g6 16. Ne3 Bg7 17. g3 Qc7 18. a3 a5 19. Re2 Nf6 20. Ne5 Bd7 21. f4 Nxe5 22.
fxe5 Ne4 23. Bxe4 dxe4 24. Nc4 Bc6 25. Nd6 e3 26. Rec2 Bh6 27. Qe2 f6 28. Rf1
fxe5 29. dxe5 Rxf1+ 30. Qxf1 Bd5 31. Bd4 Rf8 32. Qd3 Rf3 33. Re2 b6 34. Bxe3
Bxe3+ 35. Rxe3 Qxc5 36. Nc4 Bxc4 37. Qd8+ Rf8 0-1

[Event "Landesklasse Ost 2012/2013"]
[Site "?"]
[Date "2013.01.06"]
[Round "5"]
[White "Hoyer, Willy"]
[Black "Prütting, Kerstin"]
[Result "1-0"]
[WhiteElo "1679"]
[BlackElo "1585"]
[PlyCount "47"]
[EventDate "2013.??.??"]
[WhiteTeam "SG Arnstadt-Stadtilm"]
[BlackTeam "TSV Zeulenroda"]

1. d4 c6 2. e3 d5 3. Bd3 Nf6 4. Nd2 Nbd7 5. f4 c5 6. c3 g6 7. Qe2 Bg7 8. Ngf3
O-O 9. O-O Qc7 10. Ne5 Nb6 11. g4 Ne8 12. g5 Bxe5 13. fxe5 Ng7 14. Nf3 c4 15.
Bc2 Bh3 16. Rf2 Rae8 17. Bd2 Qc8 18. Nh4 Qd7 19. e4 f6 20. exd5 fxg5 21. Bxg5
Rxf2 22. Qxf2 Nh5 23. e6 Qxd5 24. Qf7+ 1-0

[Event "Landesklasse Ost 2012/2013"]
[Site "?"]
[Date "2013.01.06"]
[Round "5"]
[White "Teichmann, Mario"]
[Black "Riedel, Erich"]
[Result "1/2-1/2"]
[WhiteElo "1430"]
[BlackElo "1572"]
[PlyCount "57"]
[EventDate "2013.??.??"]
[WhiteTeam "TSV Zeulenroda"]
[BlackTeam "SG Arnstadt-Stadtilm"]

1. e4 e6 2. d4 d5 3. exd5 exd5 4. Nf3 Bd6 5. Be2 Ne7 6. O-O Nbc6 7. Be3 h6 8.
a3 Bf5 9. b3 g5 10. c4 dxc4 11. bxc4 Ng6 12. Nc3 O-O 13. g3 b6 14. d5 Nce5 15.
Bd4 a6 16. Kg2 Nxf3 17. Bxf3 Ne5 18. Bxe5 Bxe5 19. Rc1 Ra7 20. g4 Bg6 21. Re1
Bf4 22. Ra1 Qd6 23. Ne4 Bxe4 24. Rxe4 Bxh2 25. Qe2 Bf4 26. Rh1 Qf6 27. a4 a5
28. Qd3 Bd6 29. Rhe1 1/2-1/2

[Event "Landesklasse Ost 2012/2013"]
[Site "?"]
[Date "2013.01.27"]
[Round "6"]
[White "Brüggemann, Joachim"]
[Black "Hoffmann, Tim"]
[Result "1-0"]
[WhiteElo "2266"]
[BlackElo "1887"]
[PlyCount "57"]
[EventDate "2013.??.??"]
[WhiteTeam "Erfurter Schachklub"]
[BlackTeam "ESV Gera"]

1. e4 c5 2. Nf3 e6 3. d4 cxd4 4. Nxd4 a6 5. Nc3 Qc7 6. f4 d6 7. Bd3 Nf6 8. Nf3
Nc6 9. O-O Be7 10. Qe1 Nd7 11. Bd2 Bf6 12. Nd1 b6 13. c4 Bb7 14. Rc1 Nc5 15.
Bb1 a5 16. Bc3 Bxc3 17. Nxc3 Rd8 18. Qg3 f6 19. f5 Ne5 20. Nd4 exf5 21. Nxf5
Ne6 22. Nd5 Qc5+ 23. Kh1 Rd7 24. Qh3 Ng5 25. Qh5+ Kd8 26. Qd1 Ba6 27. Nd4 Re8
28. a3 Nc6 29. Nb3 1-0

[Event "Landesklasse Ost 2012/2013"]
[Site "?"]
[Date "2013.01.27"]
[Round "6"]
[White "Puschendorf, Steffen"]
[Black "Streltsyn, Grygoriy"]
[Result "1-0"]
[WhiteElo "2105"]
[BlackElo "2110"]
[PlyCount "91"]
[EventDate "2013.??.??"]
[WhiteTeam "ESV Gera"]
[BlackTeam "Erfurter Schachklub"]

1. d4 Nf6 2. c4 c5 3. d5 d6 4. Nc3 g6 5. e4 Bg7 6. f4 O-O 7. Nf3 Na6 8. Bd3 Nc7
9. O-O Rb8 10. a4 b6 11. Qe1 a6 12. e5 Nfe8 13. Qh4 Bd7 14. Ng5 h6 15. Nxf7
Kxf7 16. e6+ Nxe6 17. dxe6+ Bxe6 18. f5 gxf5 19. Qh5+ Kg8 20. Bxh6 Bxh6 21.
Qxh6 Rf6 22. Qg5+ Ng7 23. Nd5 Bxd5 24. cxd5 Qd7 25. Bxa6 Rbf8 26. Bb5 Qb7 27.
Bc6 Qc7 28. Bb5 Kf7 29. Ra3 Qb7 30. Rg3 Rg8 31. Bc6 Qc8 32. h4 Qf8 33. Bd7 Rh8
34. Bxf5 Nxf5 35. Rxf5 Qh6 36. Rxf6+ exf6 37. Qg4 Re8 38. Kh2 Qh7 39. Qd7+ Re7
40. Qxd6 Qxh4+ 41. Rh3 Qe4 42. Qg3 Qxd5 43. Rh7+ Ke6 44. Qg8+ Kd6 45. Qxd5+
Kxd5 46. Rxe7 1-0

[Event "Landesklasse Ost 2012/2013"]
[Site "?"]
[Date "2013.01.27"]
[Round "6"]
[White "Duzy, Stefan"]
[Black "Gläßl, Matthias"]
[Result "0-1"]
[WhiteElo "1960"]
[BlackElo "2071"]
[PlyCount "98"]
[EventDate "2013.??.??"]
[WhiteTeam "Erfurter Schachklub"]
[BlackTeam "ESV Gera"]

1. e4 c5 2. Nf3 Nc6 3. d4 cxd4 4. Nxd4 e5 5. Nb5 a6 6. Nd6+ Bxd6 7. Qxd6 Qf6 8.
Qd1 Qg6 9. Nc3 Nge7 10. h4 h5 11. Rh3 d5 12. Rg3 Bg4 13. f3 dxe4 14. fxg4 Rd8
15. Qe2 Nd4 16. Qxe4 Nxc2+ 17. Kf2 Nxa1 18. Qxg6 Nxg6 19. Bd3 Rxd3 20. Rxd3 Nc2
21. gxh5 Rxh5 22. g4 Rh8 23. h5 Nf8 24. Ne4 Nd4 25. Nd6+ Ke7 26. Nxb7 Nfe6 27.
b4 Rc8 28. Nc5 Nxc5 29. bxc5 f6 30. Bb2 Ne6 31. Ba3 Rc6 32. Ke3 Nd4 33. Ke4 Ke6
34. Rd2 Nb5 35. Rd3 a5 36. Rb3 Nxa3 37. Rxa3 Rxc5 38. Rb3 Rc4+ 39. Kf3 Kf7 40.
Rb7+ Kg8 41. Kg3 Ra4 42. Rb2 Kh7 43. Rf2 Ra3+ 44. Kh4 g5+ 45. hxg6+ Kxg6 46.
Rc2 Ra4 47. Kh3 Kg5 48. Rg2 Ra3+ 49. Kh2 Rf3 0-1

[Event "Landesklasse Ost 2012/2013"]
[Site "?"]
[Date "2013.01.27"]
[Round "6"]
[White "Schmidt, Frank"]
[Black "Troyke, Doreen"]
[Result "1/2-1/2"]
[WhiteElo "1937"]
[BlackElo "2025"]
[PlyCount "53"]
[EventDate "2013.??.??"]
[WhiteTeam "ESV Gera"]
[BlackTeam "Erfurter Schachklub"]

1. d4 d5 2. Nf3 Nf6 3. e3 Bf5 4. Bd3 Bxd3 5. Qxd3 c6 6. O-O Nbd7 7. b3 e6 8.
Ba3 Bxa3 9. Nxa3 Qe7 10. Nb1 O-O 11. Nbd2 e5 12. dxe5 Nxe5 13. Nxe5 Qxe5 14.
Nf3 Qe4 15. Rfd1 Rad8 16. Qc3 Rfe8 17. Qc5 a6 18. Rd4 Qf5 19. Rad1 h6 20. Qc3
Ne4 21. Qd3 Nd6 22. Qxf5 Nxf5 23. R4d3 Rc8 24. Kf1 b5 25. a3 Nd6 26. Nd2 Ne4
27. Nxe4 1/2-1/2

[Event "Landesklasse Ost 2012/2013"]
[Site "?"]
[Date "2013.01.27"]
[Round "6"]
[White "Schneider, Thomas"]
[Black "Senf, Paul"]
[Result "1-0"]
[WhiteElo "1864"]
[BlackElo "1586"]
[PlyCount "103"]
[EventDate "2013.??.??"]
[WhiteTeam "Erfurter Schachklub"]
[BlackTeam "ESV Gera"]

1. d4 f5 2. Bg5 Nf6 3. Bxf6 exf6 4. e3 b6 5. Qf3 d5 6. Bd3 g6 7. h4 Bg7 8. Nc3
c6 9. h5 Na6 10. hxg6 hxg6 11. Rxh8+ Bxh8 12. Nge2 Nb4 13. Qh3 Nxd3+ 14. cxd3
Bg7 15. Qh7 Kf7 16. Nf4 g5 17. Qg6+ Kf8 18. Nh5 Qe7 19. Kd2 Qf7 20. Qh7 Qg8 21.
Qg6 Qf7 22. Qh7 Qg8 23. Qxg8+ Kxg8 24. Nxg7 Kxg7 25. Rc1 Bd7 26. Rh1 Rb8 27.
Kc2 Kg6 28. Ne2 Re8 29. Kd2 Rb8 30. Nc1 Re8 31. b4 Rb8 32. Nb3 Kg7 33. Kc2 Be8
34. Kd2 Bd7 35. Rh2 a5 36. bxa5 bxa5 37. Kc3 Rb5 38. Rh1 Rb8 39. a4 Ra8 40. Nc5
Ra7 41. Rb1 Bc8 42. Rb8 Bd7 43. Rb7 Rxb7 44. Nxb7 Kf7 45. Nxa5 Ke7 46. Kb4 Kd6
47. g3 Bc8 48. Nb3 Kc7 49. Kc5 Ba6 50. Na5 Bxd3 51. Nxc6 Ba6 52. Nb4 1-0

[Event "Landesklasse Ost 2012/2013"]
[Site "?"]
[Date "2013.01.27"]
[Round "6"]
[White "Hilbig, Dieter"]
[Black "Fischer, Dieter"]
[Result "1-0"]
[WhiteElo "1858"]
[BlackElo "1941"]
[PlyCount "123"]
[EventDate "2013.??.??"]
[WhiteTeam "ESV Gera"]
[BlackTeam "Erfurter Schachklub"]

1. e4 d5 2. Nc3 c6 3. f4 g6 4. Nf3 Bg7 5. d3 dxe4 6. Nxe4 Nf6 7. Be2 O-O 8. O-O
Bg4 9. Qe1 Nbd7 10. Qh4 e6 11. Be3 Bxf3 12. Rxf3 Nd5 13. Qxd8 Rfxd8 14. Bf2 b6
15. c3 Re8 16. d4 N7f6 17. Nd6 Red8 18. Nc4 Ne4 19. Be1 Bh6 20. g3 Bf8 21. Bd3
Ndf6 22. Re3 Nd6 23. Ne5 Rac8 24. Bf2 Nf5 25. Re2 c5 26. g4 Ng7 27. Ba6 Rc7 28.
Rd1 cxd4 29. Rxd4 Rxd4 30. Bxd4 Bc5 31. Rd2 Be7 32. Kg2 h5 33. h3 hxg4 34. hxg4
Nge8 35. Be2 Nd6 36. Bf3 Nfe4 37. Rd1 Nf6 38. Nc6 Nde8 39. Be5 Rb7 40. Nd8 Rd7
41. Nc6 Kf8 42. g5 Nd5 43. Rh1 f6 44. Rh8+ Kg7 45. Rxe8 Kf7 46. Rh8 fxe5 47.
Nxe5+ Kg7 48. Bxd5 Rxd5 49. Rh6 Rd2+ 50. Kf3 Rxb2 51. Rxg6+ Kf8 52. Rxe6 Bc5
53. Nd7+ Kf7 54. Nxc5 bxc5 55. Rc6 Rxa2 56. Kg4 Ra5 57. Rc7+ Ke6 58. g6 Ra1 59.
Rxc5 Kf6 60. Rc6+ Kg7 61. Kg5 a5 62. Rc7+ 1-0